| Tag |
First Indicator |
Second Indicator |
Subfields |
| LEADER |
00000cam a2200000 a 4500 |
| 001 |
in00000097151 |
| 005 |
20150924085042.0 |
| 008 |
820512s1981 enkab b 00110 eng |
| 010 |
|
|
|a 82108980
|
| 015 |
|
|
|a GB***
|
| 020 |
|
|
|a 0859504824 :
|c 912.50
|
| 035 |
|
|
|a (OCoLC)08533649
|
| 035 |
|
|
|9 AAK9026AM
|
| 039 |
0 |
|
|a 2
|b 3
|c 3
|d 3
|e 3
|
| 040 |
|
|
|a DLC
|c DLC
|d TXA
|d UtOrBLW
|
| 041 |
1 |
|
|a eng
|a fre
|
| 049 |
|
|
|a TXAM
|c [1562042]
|
| 050 |
0 |
0 |
|a PE1075
|b B6613
|
| 082 |
0 |
|
|a 420/.9
|2 19
|
| 100 |
1 |
|
|a Bourcier, Georges.
|
| 240 |
1 |
0 |
|a Histoire de la langue anglaise du Moyen âge à nos jours.
|l English
|
| 245 |
1 |
3 |
|a An introduction to the history of the English language /
|c Georges Bourcier ; English adaptation by Cecily Clark.
|
| 264 |
|
1 |
|a Cheltenham [Gloucestershire] :
|b Stanley Thornes,
|c 1981.
|
| 300 |
|
|
|a viii, 230 pages :
|b illustrations, maps ;
|c 24 cm.
|
| 336 |
|
|
|a text
|b txt
|2 rdacontent
|
| 337 |
|
|
|a unmediated
|b n
|2 rdamedia
|
| 338 |
|
|
|a volume
|b nc
|2 rdacarrier
|
| 500 |
|
|
|a Translation of: Histoire de la langue anglaise du Moyen age a nos jours.
|
| 504 |
|
|
|a Includes bibliographies and index.
|
| 650 |
|
0 |
|a English language
|x History.
|
| 999 |
|
|
|a MARS
|
| 999 |
f |
f |
|s ff6219ad-54da-3947-b971-712fb02df78e
|i 6fafe7b2-3b61-3c8b-a4cb-b9bbfbbc8ec7
|t 0
|
| 952 |
f |
f |
|p ric
|a Texas A&M University
|b Rellis Campus
|c Joint Library Facility
|s JLF
|d Remote Storage
|t 0
|e PE1075 B6613
|h Library of Congress classification
|i unmediated -- volume
|m A14806035424
|
| 998 |
f |
f |
|a PE1075 B6613
|t 0
|l Remote Storage
|